<?xml version="1.0" encoding="UTF-8"?>
<collection xmlns:xsi="http://www.w3.org/2001/XMLSchema-instance" xsi:schemaLocation="http://www.loc.gov/MARC21/slim http://www.loc.gov/standards/marcxml/schema/MARC21slim.xsd" xmlns="http://www.loc.gov/MARC21/slim">
 <record>
  <leader>00000nam a2200000 i 4500</leader>
  <controlfield tag="001">UP-1686042739784834552</controlfield>
  <controlfield tag="003">Buklod</controlfield>
  <controlfield tag="005">20240712112318.0</controlfield>
  <controlfield tag="006">m    |o  d |      </controlfield>
  <controlfield tag="007">cr |||||||||||</controlfield>
  <controlfield tag="008">240712s2023    enka   go   b|001 0|eng d</controlfield>
  <datafield tag="020" ind1=" " ind2=" ">
   <subfield code="a">9781032231464 (paperback)</subfield>
  </datafield>
  <datafield tag="035" ind1=" " ind2=" ">
   <subfield code="a">22495929</subfield>
  </datafield>
  <datafield tag="037" ind1=" " ind2=" ">
   <subfield code="a">SS-12475</subfield>
   <subfield code="b">Forefront</subfield>
   <subfield code="c">Php11,258.00</subfield>
   <subfield code="n">Department of Political Science</subfield>
  </datafield>
  <datafield tag="040" ind1=" " ind2=" ">
   <subfield code="a">DLC</subfield>
   <subfield code="d">DMLS</subfield>
   <subfield code="e">rda</subfield>
  </datafield>
  <datafield tag="041" ind1=" " ind2=" ">
   <subfield code="a">eng</subfield>
  </datafield>
  <datafield tag="042" ind1=" " ind2=" ">
   <subfield code="a">DMLUC</subfield>
  </datafield>
  <datafield tag="090" ind1=" " ind2=" ">
   <subfield code="a">HQ 1236.5 A78 </subfield>
   <subfield code="b">S83 2023</subfield>
  </datafield>
  <datafield tag="245" ind1="0" ind2="0">
   <subfield code="a">Substantive representation of women in Asian parliaments</subfield>
   <subfield code="c">edited by Devin K. Joshi and Christian Echle.</subfield>
  </datafield>
  <datafield tag="264" ind1=" " ind2="1">
   <subfield code="a">Abingdon, Oxon</subfield>
   <subfield code="b">Routledge, Taylor &amp; Francis Group</subfield>
   <subfield code="c">[2023]</subfield>
  </datafield>
  <datafield tag="264" ind1=" " ind2="4">
   <subfield code="c">©2023</subfield>
  </datafield>
  <datafield tag="300" ind1=" " ind2=" ">
   <subfield code="a">xviii, 274 pages</subfield>
   <subfield code="b">illustrations</subfield>
   <subfield code="c">25 cm.</subfield>
  </datafield>
  <datafield tag="336" ind1=" " ind2=" ">
   <subfield code="a">text</subfield>
   <subfield code="2">rdacontent</subfield>
  </datafield>
  <datafield tag="337" ind1=" " ind2=" ">
   <subfield code="a">unmediated</subfield>
   <subfield code="2">rdamedia</subfield>
  </datafield>
  <datafield tag="338" ind1=" " ind2=" ">
   <subfield code="a">volume</subfield>
   <subfield code="2">rdacarrier</subfield>
  </datafield>
  <datafield tag="490" ind1="0" ind2=" ">
   <subfield code="a">Politics in Asia</subfield>
  </datafield>
  <datafield tag="504" ind1=" " ind2=" ">
   <subfield code="a">Includes bibliographical references and index.</subfield>
  </datafield>
  <datafield tag="505" ind1="0" ind2=" ">
   <subfield code="a">Substantive representation of women by parliamentarians in Asia : a comparative study of ten countries / Devin K. Joshi -- Substantive representation of women in Japan : pursuing gender equality in a gender-insensitive parliament / Mikiko Eto -- Substantive representation of women in South Korea's National Legislature / Ki-young Shin -- Substantive representation of women in Taiwan : why is 42 percent not enough? / Chang-ling Huang -- Substantive representation of women in Indonesia / Ella S. Prihatini -- Substantive representation in Malaysian legislatures : Parliament (Dewan Rakyat) and state assemblies / Ummu Atiyah Ahmad Zakuan -- Filipino women's substantive representation in electoral politics / Jean Encinas-Franco -- Timor Leste : substantive representation of women by parliamentarians and gender equality / Sara Niner &amp; Therese Thi Phuong Tam Nguyen -- Women's substantive representation in the Parliament of Bangladesh : understanding key trends and tensions / Syeda Lasna Kabir -- Substantive representation of women parliamentarians and gender equality in Nepal / Aashiyana Adhikari -- Towards advancing substantive representation of women in parliament : case study of Sri Lanka / Ruwanthi Jayasekara -- Conclusion : comparing women's representation in Asian parliaments / Devin K. Joshi.</subfield>
  </datafield>
  <datafield tag="520" ind1=" " ind2=" ">
   <subfield code="a">&quot;Combining data from nearly 100 interviews with national parliamentarians from ten Asian countries, the contributors to this book analyze and evaluate the advancement of gender equality in Asia. As of the year 2022, no country in Asia has gender parity in its parliament. Meanwhile the proportion of national level women parliamentarians in Asia averages a mere 20%. What is more important than simple descriptive representation, however, is whether outcomes for women are improving. Rather than focusing on numerical representation, the chapters in this book focus on substantive representation of women. In other words, what do women and men parliamentarians do to advance women's well-being and gender equality? Using semi-structured interviews, each chapter author examines these efforts in the context of a specific Asian country. The case studies include Bangladesh, Indonesia, Japan, Malaysia, Nepal, the Philippines, South Korea, Sri Lanka, Taiwan, and Timor-Leste. An essential resource for scholars and students of Asian politics and the politics of gender&quot;--</subfield>
   <subfield code="c">Provided by publisher.</subfield>
  </datafield>
  <datafield tag="650" ind1=" " ind2="0">
   <subfield code="a">Equality</subfield>
   <subfield code="z">Asia</subfield>
   <subfield code="v">Case studies.</subfield>
  </datafield>
  <datafield tag="650" ind1=" " ind2="0">
   <subfield code="a">Legislative bodies</subfield>
   <subfield code="z">Asia</subfield>
   <subfield code="v">Case studies.</subfield>
  </datafield>
  <datafield tag="650" ind1=" " ind2="0">
   <subfield code="a">Representative government and representation</subfield>
   <subfield code="z">Asia</subfield>
   <subfield code="v">Case studies.</subfield>
  </datafield>
  <datafield tag="650" ind1=" " ind2="0">
   <subfield code="a">Women legislators</subfield>
   <subfield code="z">Asia</subfield>
   <subfield code="v">Case studies.</subfield>
  </datafield>
  <datafield tag="650" ind1=" " ind2="0">
   <subfield code="a">Women</subfield>
   <subfield code="x">Political activity</subfield>
   <subfield code="z">Asia</subfield>
   <subfield code="v">Case studies.</subfield>
  </datafield>
  <datafield tag="651" ind1=" " ind2="0">
   <subfield code="a">Asia</subfield>
   <subfield code="x">Politics and government</subfield>
   <subfield code="y">21st century</subfield>
   <subfield code="v">Case studies.</subfield>
  </datafield>
  <datafield tag="700" ind1="1" ind2=" ">
   <subfield code="a">Joshi, Devin</subfield>
   <subfield code="e">editor.</subfield>
  </datafield>
  <datafield tag="700" ind1="1" ind2=" ">
   <subfield code="a">Echle, Christian</subfield>
   <subfield code="d">1981-</subfield>
   <subfield code="e">editor.</subfield>
  </datafield>
  <datafield tag="905" ind1=" " ind2=" ">
   <subfield code="a">FO</subfield>
  </datafield>
  <datafield tag="852" ind1="0" ind2=" ">
   <subfield code="a">UPD</subfield>
   <subfield code="b">DMLS</subfield>
   <subfield code="h">HQ 1236.5 A78</subfield>
   <subfield code="i">S83 2023</subfield>
  </datafield>
  <datafield tag="942" ind1=" " ind2=" ">
   <subfield code="a">Book</subfield>
  </datafield>
 </record>
</collection>
